000 01268cam a2200301 a 4500
001 13656
003 BD-JhCC
005 20240313135721.0
008 100625s2010 njua b 001 0 eng
020 _a9780691146744 (hbk. : alk. paper)
020 _a0691146748 (hbk. : alk. paper)
020 _z9781400835997 (electronic bk.)
035 _a(OCoLC)ocn587249067
040 _aDLC
_cDLC
_dYDX
_dBTCTA
_dYDXCP
_dNLE
_dHIR
_dCDX
_dCIT
_dBWX
_dVP@
_dUKM
_dJRS
_dMOF
_dONU
_dDLC
041 _aenglish
050 0 0 _aBF311
_b.K867 2010
082 0 0 _a153
_222
_bKUR 2010
100 1 _aKurzban, Robert,
_d1969-
245 1 0 _aWhy everyone (else) is a hypocrite :
_bEvolution and the Modular Mind /
_cRobert Kurzban.
260 _aPrinceton, N.J. :
_bPrinceton University Press,
_c2010.
300 _ax, 274 p. :
_bill. ;
_c24 cm.
504 _aIncludes bibliographical references (p. 245-266) and index.
505 0 _aConsistently inconsistent -- Evolution and the fragmented brain -- Who is "I"? -- Modular me -- The truth hurts -- Psychological propaganda -- Self-deception -- Self-control -- Morality and contradictions -- Morality is for the birds.
650 0 _aModularity (Psychology)
650 0 _aEvolutionary psychology.
650 0 _aSelf-deception.
942 _2ddc
_cBK
999 _c13656
_d13656